[Event "SaitekSparc_Risc2500sol"]
[Site "Zürich"]
[Date "2019.04.07"]
[Round "7"]
[White "Saitek Sparc"]
[Black "Saitek Risc 2500 solid"]
[Result "0-1"]
[WhiteElo "2254"]
[BlackElo "2247"]
[Annotator "KUT"]
[PlyCount "53"]
[EventDate "2019.01.01"]

1. d4 Nf6 {Vergleichsmatch 120'/40 der Spielstile des Saitek Risc 2500 gegen
Saitek Sparc | 7. Partie: normal=Niederlage; aktiv=Niederlage;
offensiv=Niederlage; solid=Sieg / Vergleich Zwischenstände nach 7 Partien:
aktiv 4.0 Pkt (57%); offensiv 3.5 Pkt (50%); solid 3.5 Pkt (50%); normal 2.5
Pkt (35%) | Anfänglich behandelt der Risc 2500 solid die Eröffnung mit
Schwarz sachkundig, zieht dann seinen Springer ein drittes Mal und hätte
dafür in Teufels Küche kommen können. Der Saitek Sparc nutzt seine Chancen
jedoch nicht, sondern rochiert kurz, schwächt seine Königsstellung und geht
in einer Kurzpartie im gegnerischen Angriff unter.} 2. c4 e6 3. Nc3 Bb4 4. Qb3
c5 5. dxc5 Nc6 6. Nf3 Ne4 7. Bd2 Nxc5 {***ENDE BUCH***} 8. Qc2 O-O 9. a3 Bxc3
10. Bxc3 f5 {Es geht um das Feld e4 und die mögliche Aktion von Schwarz am
Königsflügel. Der Stil solid ist die einzige Einstellung, die den besten Zug
findet.} (10... d5 11. e3 Ne4 (11... f6 12. Rd1 a5 13. cxd5 exd5 14. Bc4 Be6
15. Nd4 Nxd4 16. Rxd4 Qd6 17. Be2 Rfc8 18. O-O Qc6 19. Bf3 f5 20. Rfd1 Ne4 21.
Qb3 Bf7 22. Be1 Rc7 23. Qa2 b6 24. Be2 Rac8 25. Ba6 Re8 26. a4 Nd6 27. Be2 Ra8
28. g3 Ne4 29. Qa3 Rac8 30. Ba6 Rf8 31. f3 Nd6 32. Qb3 Re8 33. Bf2 Rb8 34. Bd3
Rbc8 35. Bf1 Kh8 36. Ba6 Nb7 37. Qa2 Qg6 38. b3 Qf6 39. Qb1 Rb8 40. Bd3 Nd6 41.
b4 Ra8 42. Rf4 g5 43. Rd4 Rac8 44. bxa5 bxa5 45. Ba6 Ra8 46. Qb6 Rca7 47. Bb5
Rb7 48. Qc6 Rc8 49. Qa6 Qd8 50. Bf1 Rc2 51. Be1 Qe7 52. R4d3 d4 53. e4 Bc4 54.
Qa8+ Ne8 55. Rxd4 Ra7 56. Qc8 Rc7 57. Qxf5 Bxf1 58. Kxf1 R2c5 59. Qh3 Qf7 60.
R1d3 Nf6 61. Bd2 h5 62. Kg1 Kg7 63. Qf1 Qe6 64. Be3 Qe5 65. f4 Qe7 66. fxg5 Ng4
67. Rd7 Rxd7 68. Rxd7 Qxd7 69. Bxc5 Qd8 70. h3 Ne5 71. Be3 Qd6 72. Kg2 Nf7 73.
Qf5 Qb4 74. g6 Nd6 75. Qe5+ Kxg6 76. Qg5+ Kf7 77. Qxh5+ Ke7 78. Qg5+ Kd7 79. e5
Qe4+ 80. Kh2 Qc2+ 81. Bd2 Ne4 82. e6+ Kd6 83. Qxa5 Nxd2 84. Qb6+ Ke7 85. Qf2
Kxe6 86. a5 Qd3 87. a6 Ne4 88. Qe1 Qc2+ 89. Kh1 Qc6 90. Qe2 Kd7 91. Kh2 Qd5 92.
a7 Ke7 93. h4 Kd7 94. Qb2 Ke6 95. Qb6+ Kf5 96. Qe3 Kg6 97. Qf4 Kg7 98. Kg1 Qc5+
99. Kg2 Qc6 100. Qf5 Nf6+ 101. Qf3 Nd5 102. Kh3 Qa8 103. h5 Qc8+ 104. Qg4+
Qxg4+ 105. Kxg4 Nc7 106. Kg5 Ne6+ 107. Kf5 Nc7 108. g4 Na8 109. g5 Nb6 {
1-0 (109) Saitek Sparc (2254)-Saitek Risc 2500 offensiv (2247) Zürich 2019})
12. Rd1 Nxc3 13. Qxc3 Ne7 14. e4 f6 15. Be2 b6 16. Qb3 Qd6 17. O-O Bb7 18. Rd2
f5 19. exd5 exd5 20. cxd5 Rad8 21. Bc4 a5 22. Re1 Kh8 23. Re6 Qc5 24. Ng5 Ng8
25. Rxb6 Bc8 26. d6 Nf6 27. Rb5 Qc6 28. Nf7+ Rxf7 29. Bxf7 Ne4 30. Rc2 Qxd6 31.
Rd5 Qe7 32. Rxd8+ Qxd8 33. Qd3 Qf8 34. Qd5 Nf6 35. Qxa5 Bd7 36. Bc4 Qb8 37. b3
Ng4 38. Rd2 Nf6 39. Rd4 Qf8 40. b4 Qc8 41. h3 Qe8 42. b5 Qc8 43. b6 h6 44. Qa6
Qe8 45. b7 Bc6 {1-0 (45) Saitek Sparc (2254)-Saitek Risc 2500 normal (2247)
Zürich 2019}) 11. b4 Ne4 12. Bb2 d6 {Auch 12...b6 kam in Frage} 13. e3 {
***ENDE BUCH***} Ng5 $6 {Nicht das Gelbe vom Ei. Ein schön postierter
Springer wird auf einen schlechteren Platz gezogen.} (13... e5 14. Be2 Be6 15.
O-O Rc8 16. Nd2 d5 17. Nxe4 fxe4 18. Kh1 Qg5 19. cxd5 Nxb4 20. Qa4 Nxd5 21.
Qxe4 Nc3 22. Bxc3 Rxc3 23. Qxb7 Rb3 24. Qxa7 Bd5 25. f3 Rxe3 26. Qa6 Rd8 27.
Bc4 Kh8 28. Bxd5 Rxd5 29. Rfd1 Rd8 30. Qa5 Re8 31. Qb5 Rc8 32. Rac1 Re1+ 33.
Rxe1 Qxc1 34. Qe8+ Rxe8 35. Rxc1 Ra8 36. Kg1 Kg8 37. Rc3 Kf7 38. Kf2 Ke6 39.
Ke3 Ra4 40. h3 g6 41. Kd3 Kd5 42. Kc2 Ra7 43. Rd3+ Kc5 44. Kb2 Kc4 45. Rc3+ Kd5
46. Re3 Rb7+ 47. Rb3 Ra7 48. Rb5+ Kd4 49. Kb3 Rc7 50. Rb8 Ke3 51. Ka2 Ra7 52.
Rc8 Kf2 53. Rc2+ Kg3 54. Rd2 Kf4 55. Re2 Kg3 56. Kb3 Rb7+ 57. Kc4 Ra7 58. Kb4
Rb7+ 59. Kc5 Ra7 60. Ra2 Kf4 61. a4 e4 62. fxe4 Kxe4 63. a5 Ra6 64. Kb5 Ra8 65.
a6 Kf4 66. a7 Kg3 67. Kb6 Rf8 68. Rc2 g5 69. Kb7 h5 70. a8=Q Rxa8 71. Kxa8 g4
72. hxg4 hxg4 73. Kb7 Kf4 74. Rc3 Kf5 75. g3 Ke4 76. Rb3 Ke5 {1-0 (76) Saitek
Sparc (2254)-Saitek Risc 2500 aktiv (2247) Zürich 2019}) 14. Be2 {Spürbar
stärker ist die mit 14.Sxg5 angeführte Variante.} (14. Nxg5 Qxg5 15. Rd1 Qe7
16. Qd2 Rd8 17. b5 Nb8 18. Be2 $16 {und Weiss steht prächtig bzw. deutlich
besser, hat doch Schwarz grosse Mühe, seine Entwicklung auf zweckmässige Art
und Weise abzuschliessen.}) 14... Nxf3+ $6 {Dieser Springer hat nun bereits 4
Züge gemacht, nur um eine Figur, die erst einmal gezogen hat, abzutauschen
und gleichzeitig die Entwicklung des weissen Läufers zu fördern. Das kann
nicht gut sein.} 15. Bxf3 Ne5 16. Be2 (16. Bxe5 {Die Beseitigung dieses
Riesenspringers ist beachtenswert und Weiss hätte im Bauernendspiel eine
gewonnene Partie.}) 16... b5 $6 {Zu übermütig, aber dem Mutigen gehört die
Welt, und der Risc 2500 solid hat für einmal gar Erfolg mit seiner
zweifelhaften Spielweise.} 17. c5 Qg5 18. O-O $2 {Die Rochade ins Verderben,
denn wenn man sich die geballten schwarzen Kräfte gegen die weisse
Königsstellung nach dem folgenden Zug betrachtet, können nur schlechte
Gefühle aufkommen. Dabei konnte Weiss mit verschiedenen Fortsetzungen wie a)
18.f4 oder b) 18.0-0-0 oder auch c) 18.Lxb5 eine überwältigende Stellung
erhalten.} Bb7 19. g3 {Behebt das Matt auf g2, schwächt aber massgeblich die
wiesen Felder.} Nf3+ 20. Bxf3 {Erzwungen, denn geht der König nach h1, folgt
das Abzugschach ...Sd4 mit Damengewinn.} Bxf3 {Es droht ein Mattangriff durch .
..Dg5-g4-h3-g2 Matt, was ein menschlicher Spieler ab 1800 ELO à tempo sehen
sollte. Es gibt nur eine Verteidigung, die darin besteht, der weissen Dame das
Feld f1 frei zu machen, um ...Dh3 mit eben Df1 beantworten zu können.} 21.
cxd6 $4 {Ein ganz schlimmer Bock statt 21.Tfc1.} Qg4 $19 {Damit ist der Fall
erledigt und Schwarz hat eine leicht gewonnene Stellung.} 22. Qc3 Rf7 {Deckt
vorerst das weisse Matt Dxg7.} 23. e4 fxe4 24. Qxf3 exf3 {Weiss hat Haus und
Hof verloren.} 25. Kh1 Rf5 26. Rg1 Rh5 27. Rg2 {Weiss gibt auf} 0-1

[Event "SaitekSparc_Risc2500sol"]
[Site "Zürich"]
[Date "2019.04.09"]
[Round "9"]
[White "Saitek Sparc"]
[Black "Saitek Risc 2500 solid"]
[Result "0-1"]
[WhiteElo "2254"]
[BlackElo "2247"]
[Annotator "KUT"]
[PlyCount "99"]
[EventDate "2019.01.01"]

1. e4 e5 {Vergleichsmatch 120'/40 der Spielstile des Saitek Risc 2500 gegen
Saitek Sparc | 9. Partie: normal=Sieg; aktiv=Remis; offensiv=Niederlage;
solid=Sieg | Vergleich der Zwischenstände nach 9 Partien: aktiv 5.5 Pkt=61%;
offensiv 4.5 Pkt=50%; solid 4.5 Pkt=50%; normal 4.0 Pkt=44% | Wohl gelingt es
dem Saitek Sparc, dem Gegner das Rochaderecht zu nehmen, kann wegen
ungeschickter Spielweise aber davon nicht profitieren. Die Initiative wechselt,
von Weiss zu Schwarz und dann wieder zu Weiss. Mit einem mutigen Bauernopfer
zwingt der Saitek Sparc den gegnerischen schwarzen König ins Freie und nur
knapp entgeht der Risc 2500 solid einer Niederlage. Das Remis hat der Saitek
Sparc noch immer leicht im Sack, wählt dazu aber nicht den einfachsten Weg
und gerät dann gar vom richtigen Weg ab durch ein unglückliches Damenschach.
Der schwarze König kann sich dem Dauerschach entziehen und hilflos muss Weiss
zusehen, wie der Gegner seinen Freibauer auf der c-Linie zur Dame führt. Eine
völlig unnötige Niederlage des Saitek Sparc.} 2. Nf3 Nf6 3. d4 Nxe4 4. Bd3 d5
5. Nxe5 Nd7 6. Nxd7 Bxd7 7. O-O Bd6 8. c4 c6 {Ende Buch} 9. cxd5 cxd5 10. Nc3
Nxc3 11. bxc3 {Ende Buch} Qc7 {Dieser materialistische begründete
Doppelangriff auf die Bauern c3 und h2 hat den Verlust der Rochade zur Folge.
Richtig war deshalb 11...0-0} 12. Qe1+ Be6 (12... Kf8 13. h3 Re8 14. Be3 f5 (
14... f6 15. Qb1 Rc8 16. Bxh7 Bh2+ 17. Kh1 b6 18. Re1 Bd6 19. Bd2 Ba3 20. Qg6
Bd6 21. Bh6 Rxh7 22. Qxh7 gxh6 23. Qxh6+ Kf7 24. Qh5+ Kg7 25. Qxd5 Be8 26. Qf3
Bg6 27. Re6 f5 28. Rae1 Rh8 29. a4 Rc8 30. Rxg6+ Kxg6 31. Re6+ Kg7 32. Qxf5 Bf8
33. Re4 Qc6 34. Rg4+ Kh8 35. Rh4+ Bh6 36. d5 Qd6 37. Qxc8+ Kh7 {1-0 (37)
Saitek Sparc (2254)-Saitek Risc 2500 offensiv (2247) Zürich 2019}) 15. Qd1
Qxc3 16. Rc1 Qa3 17. Qd2 Kg8 18. Rc3 Qa5 19. Qb2 b6 20. g3 g6 21. Bd2 Qa4 22.
Bf4 Bxf4 23. Ra3 Qc6 24. gxf4 Qb7 25. Ba6 Qc7 26. Be2 Re7 27. Bf3 Be6 28. Qd2
Qd6 29. Rc3 Kf7 30. Rfc1 Bd7 31. Rc7 a6 32. Qd3 Be6 33. Rxe7+ Kxe7 34. Qxa6
Qxf4 35. Re1 Qd6 36. Qb7+ Kf6 37. Re5 Rd8 38. Qxh7 Ra8 39. Re2 Re8 40. Qh6 Qb4
41. Qh4+ Kf7 42. Qf4 Qc4 43. h4 Rc8 44. Qe5 Rc6 45. Qh8 Qc1+ 46. Kg2 Qf4 47.
Re3 Rc8 48. Qh7+ Kf6 49. Rxe6+ Kxe6 50. Qxg6+ Ke7 51. Bxd5 Qg4+ 52. Qxg4 fxg4
53. Be4 Rc4 54. h5 Rxd4 55. h6 Kf6 56. Bb1 Rd1 57. Bh7 b5 58. Bg8 Rd3 59. Kf1
Rh3 60. h7 Kg6 61. Ke2 Kg7 62. Kd2 b4 63. Kd1 Rh2 64. Ke1 Kh8 65. Kf1 Rh1+ 66.
Ke2 Rh3 67. Ke1 Rh6 68. Ke2 Ra6 69. Kd2 Kg7 70. Ke3 Rf6 71. Ke2 Kh8 72. Ke3
Rf3+ 73. Ke2 Rf5 74. Ke3 Rf6 75. Ke2 Kg7 76. Ke3 Rf3+ 77. Ke2 Kh8 78. Bd5 Rc3
79. Bg8 g3 80. fxg3 Rxg3 81. Kf2 Rh3 82. Ke2 Ra3 83. Kf2 Rc3 84. Ke2 Kg7 85.
Kf2 Rh3 86. Ke2 Ra3 87. Ke1 Rd3 88. Ke2 Rh3 89. Kd2 Rf3 90. Ke2 Rg3 91. Kd2 Kh8
92. Ke2 Rh3 93. Kf2 Rh6 94. Ke3 Rh4 95. Ke2 Rh5 96. Kd3 Rc5 97. Kd4 Rc7 98. Kd3
Rc1 99. Kd4 Rc6 100. Bd5 Rc7 101. Be4 Rc8 102. Bd3 Rd8+ 103. Kc4 Rd6 104. Be4
Kg7 105. Kc5 Rd8 106. Bf5 Rb8 107. Bd3 Kh8 108. Bb5 {½-½ (108) Saitek Sparc 
(2254)-Saitek Risc 2500 aktiv (2247) Zürich 2019}) 13. Bb5+ Kf8 14. Kh1 {
Hier ist es der Saitek Sparc, der von seiner Verlustpartie gegen den Stil
normal abweicht.} (14. h3 Bf5 15. Qd2 Kg8 16. Re1 Rc8 17. Bb2 Bh2+ 18. Kh1 Bf4
19. Qe2 h5 20. Bd3 Bxd3 21. Qxd3 Rh6 22. Qf5 Rd8 23. Re2 g6 24. Qc2 Rh8 25.
Rae1 Bg5 26. Qb3 Bf6 27. Ba3 Rd7 28. Qa4 b6 29. Bc1 Rd8 30. Qb3 Qc6 31. Ba3 Rc8
32. Be7 Bg7 33. Re3 h4 34. Qa3 Rh5 35. f4 a5 36. Qb2 Re8 37. Qf2 Bf6 38. Bxf6
Rxe3 39. Qxe3 Qxf6 40. Kh2 Qd6 41. Qf2 Qc6 42. Re3 b5 43. Kh1 Kg7 44. Kg1 Rh8
45. f5 g5 46. Qf3 Qc4 47. f6+ Kh6 48. a3 Qb3 49. Kh2 a4 50. Re5 Rd8 51. Qf5 Rg8
52. Qd7 Kg6 53. Qc6 Rd8 54. Qc7 Rh8 55. Qc5 Rd8 56. Re7 Qb2 57. Qc7 Rf8 58. Rd7
Qxa3 59. Rxd5 Qc1 60. Rxb5 Rc8 61. Qxc8 Qf4+ 62. Kg1 Qc1+ 63. Kf2 Qd2+ 64. Kf1
Qd1+ 65. Kf2 Qd2+ 66. Kf3 Qd3+ 67. Kf2 Qxb5 68. Qg8+ Kxf6 69. Qd8+ Ke6 70. Qc8+
Qd7 71. Qc4+ Kf6 72. Ke2 Qb7 73. d5 a3 74. Qd4+ Kg6 75. Qd3+ Kg7 76. Qd2 f6 77.
c4 Qb3 78. d6 Qxc4+ 79. Kf2 a2 80. Qb2 {0-1 (80) Saitek Sparc (2254)-Saitek
Risc 2500 normal (2247) Zürich 2019}) 14... Bf5 {Der h2-Bauer durfte
natürlich nicht genommen werden: ...Lxh2, g3 und der Läufer geht mangels
Rückzugsmöglichkeit verloren.} 15. f4 $2 {Positionell schlecht, weil
einerseits der Lc1 stark eingeschränkt wird und das Feld e4 dem Gegner in die
Hände fällt.} a6 16. Be2 Re8 {Und schon steht Schwarz besser.} 17. Qd2 Kg8 {
Ein mysteriöser und keinem erkennbaren Zweck dienender Königszug, den wir
ansonsten vom Saitek Sparc her gewöhnt sind.} 18. Bf3 Be4 19. Bxe4 Rxe4 20.
Qb2 b5 $6 {Nagelt wohl den c3-Bauern fest, gibt dem Gegner jedoch die
Angriffsmarke a2-a4.} 21. Qb3 Qc6 22. Bd2 {Besser 22.a4 =} Re2 23. Qd1 Qc4 24.
Re1 Rxe1+ 25. Qxe1 {Inzwischen hat sich der schwarze Vorteil in Luft
aufgelöst.} g6 {Fordert den folgenden Angriffszug direkt heraus.} 26. f5 {
Weiss lässt sich nicht zweimal bitten.} Kg7 27. f6+ {Menschlich gespielt von
Weiss, indem der schwarze König mittels Bauernopfer aus seinem Versteck
geholt wird. Ob Weiss angesichts des reduzierten Materials noch genügend
Angriffspotenzial hat, wird sich weisen. Ein Handicap für Weiss besteht in
der schwachen Grundreihe, so dass Dame und Turm sich nicht absolut frei
bewegen können.} Kxf6 {erzwungen} (27... Kg8 28. Qe8+ Bf8 29. Bh6 Qc8 30. Qxc8
a5 31. Qxf8#) 28. Qh4+ Ke6 29. Re1+ {Auf Gewinn spielen kann Weiss nur mit 29.
Lf4, s. Variante.} (29. Bf4 Re8 (29... Bxf4 30. Re1+ Kd7 31. Qf6 Rf8 32. Qe7+
Kc6 33. Qxf8 $16) 30. Qh3+ f5 31. Qxh7 Bxf4 32. Qxg6+ Kd7 33. Qxf5+ Kc6 34.
Qxf4 Qxc3 $14 {und der weisse Angriff ist mehr oder weniger verpufft}) 29...
Kd7 30. Qf6 Re8 31. Qxf7+ Re7 32. Rxe7+ Bxe7 33. Bg5 Qe2 {Deckt den Läufer
und droht Matt auf der Grundreihe.} 34. h3 (34. Qxd5+ $4 {wäre ein schwerer
Fehler, weil Weiss die Schachs ausgehen und wegen der gegnerischen Mattdrohung
eine Figur verloren ginge, z.B.} Kc7 35. Bf4+ (35. h3 Qe1+ 36. Kh2 Bd6+ {
und gewinnt}) 35... Kb6 36. h3 Qf1+ 37. Kh2 Qxf4+ {und gewinnt}) 34... h5 35.
Bxe7 Qxe7 36. Qxd5+ Kc7 37. c4 h4 38. Kh2 Qf6 39. Qc5+ Kb7 40. Kg1 Qe6 41. Qg5
$6 {Fragwürdig in dem Sinne, als Weiss durch 41.cxb5 den Gegner praktisch zum
Dauerschach auf e1 und g3 gezwungen hätte. Unsere Oldies haben jedoch immer
wieder die Tendenz, kompliziertere und unklare Varianten zu wählen.} bxc4 42.
Qxh4 c3 43. Qf2 Qc4 44. Qf3+ $2 {Der unnötige Verlustzug, denn nun kriegt
Weiss den gegnerischen Freibauer auf der c-Linie nicht mehr in den Griff.} ({
Einfach} 44. Qc2 Qxd4+ 45. Kf1 {mit Ausgleich}) 44... Ka7 45. Qe3 c2 46. d5+
Kb7 47. Kh2 (47. Qe7+ Qc7 48. Qb4+ Qb6+ 49. Qxb6+ Kxb6 $19) 47... c1=Q 48. Qe7+
Qc7+ 49. d6 Qxe7 50. dxe7 {Weiss gibt auf} 0-1

[Event "SaitekSparc_Risc2500sol"]
[Site "Zürich"]
[Date "2019.04.10"]
[Round "10"]
[White "Saitek Risc 2500 solid"]
[Black "Saitek Sparc"]
[Result "1/2-1/2"]
[WhiteElo "2247"]
[BlackElo "2254"]
[Annotator "KUT"]
[PlyCount "131"]
[EventDate "2019.01.01"]

{Vergleichsmatch 120'/40 der Spielstile des Saitek Risc 2500 gegen Saitek
Sparc | 10. Partie: normal=Niederlage; aktiv=Sieg; offensiv=Remis; solid=Remis
| Vergleich der Zwischenstände nach 10 Partien: Stil aktiv=6.5 Pkt (65%);
Stil offensiv=5.0 Pkt (50%); Stil solid=5.0 Pkt (50%); Stil normal=4.0 Pkt 
(40%) | Die Eröffnung zeigt das von beiden Programmen fehlende Verständnis
für die Französische Verteidigung. Weiss leistet sich mit 10.Lb5+ ein
systemwidriges Schach und Schwarz, statt zu versuchen, die weissfeldrigen
Läufer zu tauschen, weicht dem Schach mit dem König nach f8 aus. Das weisse
Bauernopfer des Risc 2500 solid auf b2 räumt dem Programm genügend
Kompensation ein, die allerdings durch eine unsachgemässe Weiterbehandlung
der Stellung verlorengeht. Trotzdem ist es Weiss, der nach einem taktischen
Fehler des Saitek Sparc im Angriff hätte gewinnen können. Nach dieser
verpassten Chance geht es mit dem Risc 2500 solid langsam abwärts und mit
präzisem Spiel hätten die zwei schwarzen Mehrbauern den Sieg gebracht. Doch
mitten im Gewinntaumel stolpert der Saitek Sparc und gestattet dem Gegner ein
Springeropfer, das Weiss ein Dauerschach mit seiner Dame erlaubt.} 1. e4 e6 2.
d4 d5 3. Nc3 Bb4 4. e5 c5 5. Bd2 Nc6 6. Nb5 Bxd2+ 7. Qxd2 Nxd4 8. Nxd4 cxd4 9.
f4 {***ENDE BUCH***} Ne7 {***ENDE BUCH***} 10. Bb5+ {? Als
Französisch-Spieler habe ich Freude an solch "dummen" Zügen, die strategisch
ein Fragezeichen verdienen. Für Weiss geht einfach ein Tempo verloren, falls
Schwarz mit dem Entwicklungszug...Ld7 antwortet. Nur zu gerne möchte Schwarz
die weissfeldrigen Läufer tauschen.} (10. Nf3 Nf5 11. Bd3 (11. Bb5+ Bd7 12.
Bd3 Qb6 13. Bxf5 Qxb2 14. O-O exf5 15. Nxd4 Qa3 16. Rf3 Qa6 17. Rc3 O-O 18. Rc7
Rfd8 19. Qb4 b5 20. Rc5 Qb7 21. Rd1 Rac8 22. Qa5 Qa8 23. Rc3 Rxc3 24. Qxc3 Qb7
25. Qd3 g6 26. Rb1 a6 27. a4 Qa7 28. axb5 Bxb5 29. Qc3 Rb8 30. Ra1 Bc4 31. Qe3
Qb6 32. Rd1 a5 33. Ra1 Rb7 34. Kf2 Rd7 35. Kg1 Qa7 36. Qc3 a4 37. Ra3 Rb7 38.
Ra1 Rb4 39. Kf2 Qb6 40. Ke3 Ba6 41. Qd2 g5 42. g3 gxf4+ 43. gxf4 Kh8 44. h4 Bc8
45. Rd1 Be6 46. Qc1 Qc5 47. Qa1 Rc4 48. Kd3 Qe7 49. Rh1 a3 50. c3 Rc8 51. h5
Qc5 52. Rh3 Rg8 53. Rh2 Qc4+ 54. Kc2 a2 55. Kd2 Rg3 56. Ne2 d4 57. Nxg3 {
0-1 (57) Saitek Risc 2500 normal (2247)-Saitek Sparc (2254) Zürich 2019})
11... Qb6 12. Bxf5 Qxb2 13. O-O exf5 14. Nxd4 Qa3 15. Rf3 Qa6 16. Qb4 Qb6 17.
Qxb6 (17. Rb1 Qxb4 18. Rxb4 O-O 19. Rc3 g6 20. Rc7 Rd8 21. a4 h6 22. Rb3 Kf8
23. Nb5 Rd7 24. Rbc3 Rxc7 25. Rxc7 b6 26. Nxa7 Be6 27. Kf2 g5 28. g3 gxf4 29.
gxf4 Kg7 30. c3 Kg6 31. Re7 Kh5 32. Kf3 Kh4 33. Nb5 Rxa4 34. Nd4 Rc4 35. Nxe6
Rxc3+ 36. Ke2 fxe6 37. Rxe6 Kg4 38. Kd2 Rc4 39. Rxh6 Kxf4 40. Rxb6 Kxe5 41. Rh6
f4 42. h4 f3 43. Ke3 Rc3+ 44. Kf2 Kf4 45. Rf6+ Kg4 46. h5 d4 47. h6 Rc2+ 48.
Kg1 Rg2+ 49. Kf1 Rb2 50. h7 Rh2 51. Rf7 Kg3 52. Rg7+ Kf4 53. Kg1 Rh3 54. Kf2
Ke5 55. Rd7 Ke4 56. Rf7 Kd5 57. Re7 Kd6 58. Re4 Kc5 59. Re7 Kd5 60. Rd7+ Kc4
61. Ra7 Kd3 62. Re7 Kd2 63. Rf7 Kc2 64. Rd7 Kc3 65. Rc7+ Kb4 66. Rf7 Kb5 67.
Ra7 Kc6 68. Rg7 Kd6 69. Rb7 Ke6 70. Rc7 d3 71. Ke3 Rh1 72. Rc6+ Kf5 73. Rc7 f2
74. Kxf2 d2 75. Rd7 Rxh7 76. Rxd2 {½-½ (76) Saitek Risc 2500 offensiv (2247)
-Saitek Sparc (2254) Zürich 2019}) 17... axb6 18. a3 Ra4 19. Rd3 O-O 20. Rb1
g5 21. fxg5 Re8 22. Nf3 Ra5 23. Rxb6 Rc5 24. Rd2 Ra5 25. Rb3 Kf8 26. Kf2 Kg8
27. Ke3 Rc5 28. Kf4 Re7 29. Nd4 Rc4 30. Rb5 Be6 31. g3 Kf8 32. Rd3 Rec7 33. Ke3
R4c5 34. Rxc5 Rxc5 35. Rb3 Bc8 36. Kf4 Rc4 37. Rb4 Rc3 38. a4 Rc7 39. a5 Rc5
40. Rb5 Rxb5 41. Nxb5 Bd7 42. Nd6 Bc6 43. Ke3 Ke7 44. Nxf5+ Kd7 45. c3 Bb5 46.
h4 Bc6 47. Kd4 Ke6 48. Nd6 Kd7 49. Nxf7 Ba4 50. Kxd5 Bb3+ 51. c4 Bd1 52. Kc5
Be2 53. Nd6 Bf3 54. Kb6 Bg2 55. Nxb7 Kc8 {1-0 (55) Saitek Risc 2500 aktiv 
(2247)-Saitek Sparc (2254) Zürich 2019}) 10... Kf8 {? Damit bezeugt der
Saitek Sparc, dass er die Französische Verteidigung ebenso wenig versteht wie
sein Gegner. Könnte Viktor Kortschnoi die beiden letzten Züge sehen, würde
er sich schimpfend aus seinem Grab erheben.} 11. Nf3 {?! Mit der langen
Rochade hätte sich der Risc 2500 solid das folgende Bauernopfer sparen
können.} Qb6 12. Nxd4 a6 13. Be2 Qxb2 14. O-O Qb6 15. Rab1 {Zum Glück
kompensieren die vollendete weisse Entwicklung und die harmonische
Figurenaufstellung sowie die gegnerischen Schwierigkeiten, die Figuren zu
entwickeln - die Rochade ist ja auch nicht mehr möglich - vollends das weisse
Bauernminus.} Qa7 {...Dc5!? oder ...Dc7!?} 16. Qb4 {? Am Damenflügel hat die
weisse Dame nichts verloren. Der einfache Entfesslungszug 16.Kh1 war gut und
Weiss stünde besser.} Bd7 {...b5! =} 17. Rfd1 {Kh1!} b5 {=} 18. Qd6 Rc8 {
...Ke8!} 19. Kh1 g6 20. Rb3 {a4!} Bc6 {? Hilft einzig dem Gegner, die bessere
Stellung zu bekommen.} (20... Qc7 21. Qxa6 Nf5 22. Nxf5 gxf5 23. Rc1 Ke7 24.
Qa3+ Qc5 {= Ausgleich}) 21. Rc3 Bb7 {? Ein nicht offensichtlicher taktischer
Missgriff, der die Partie verlieren sollte. Richtig war 21...Ld7 +=} 22. Rxc8+
{? Verpasst den möglichen Gewinn} (22. f5 exf5 23. Qf6 Rg8 24. Rh3 h5 25. e6
Rg7 26. Bxh5 Bc6 27. Bxg6 Ng8 28. Qxf5 Rxg6 29. exf7 Qxf7 30. Qxc8+ Be8 31. Rf3
{+- und gewinnt}) 22... Bxc8 23. Rd3 Kg7 24. a3 {? Das bringt Schwarz in
Vorteil} (24. f5 gxf5 25. Rg3+ Ng6 26. Nxf5+ exf5 27. Qf6+ Kg8 28. Qd8+ Kg7 29.
Qf6+ {und Remis durch Dauerschach}) 24... Re8 25. Rd1 Kg8 {?! Besser ...Ld7
oder ...Sf5} 26. Bf3 Bd7 27. Be2 Nc8 28. Qb4 Nb6 29. Qa5 Nc4 {?! Deutlich
stärker war 29...Sa4 -/+} 30. Bxc4 bxc4 31. Kg1 {? Wer begibt sich schon
freiwillig in eine Fesslung, hier der weisse d4-Springer.} Rb8 {Von
Kompensation für den weissen Bauer ist nichts mehr zu spüren.} 32. Qc3 Ba4
33. Qe3 {?! Der einzige Versuch, um die weisse Spielweise zu rechtfertigen ist
33.g4, um allenfalls doch noch zum Angriff mit dem Durchbruch f4-f5 zu kommen.}
Qc5 34. Rc1 Rb2 35. Ra1 Qb6 36. Re1 Rb1 {In wenigen Zügen ist Weiss in eine
bedauernswerte Stellung geraten.} 37. Kf2 Rxe1 38. Kxe1 Qb1+ 39. Kd2 Qf1 40. g3
Qg2+ 41. Qe2 Qg1 42. Qe3 Qxh2+ {Schon darf Schwarz stolz zwei Mehrbauern
präsentieren.} 43. Kc1 Qh1+ 44. Kb2 Qd1 45. Qf2 Kg7 46. Qe3 a5 47. Qc3 h6 48.
Qe3 Kh7 49. Qc3 Kg8 {Verpasst die Möglichkeit, den Gegner langsam in Zugzwang
zu bringen und so den Sieg zu holen.} (49... Qg1 50. Ne2 Qf2 51. Nd4 h5 52. Ka2
Qg1 53. Kb2 Kg7 54. Ne2 Qf2 55. Nd4 h4 56. gxh4 Qxf4 57. Nf3 Qg3 {-+ mit Gewinn
}) 50. Qe3 Kg7 {? Vergeigt die gewonnene Partie.} 51. Nxe6+ {! Sichert den
Ausgleich und erlaubt, falls Schwarz wie in der Partie schlägt, ein
Dauerschach mit der weissen Dame.} fxe6 52. Qa7+ Kh8 53. Qb8+ Kh7 54. Qc7+ Kg8
55. Qd8+ Kf7 56. Qc7+ Ke8 57. Qb8+ Ke7 58. Qd6+ Kf7 59. Qc7+ Kf8 60. Qd6+ Kg7
61. Qe7+ Kh8 62. Qf8+ Kh7 63. Qf7+ Kh8 64. Qf8+ Kh7 65. Qf7+ Kh8 66. Qf8+
1/2-1/2